000 00242nam a2200085Ia 4500
008 170620s9999 xx 000 0 und d
100 _aKumar- Moturi Ravi
245 0 _aMethods of Teaching Computer Science
260 _bNew Delhi- Discovery Publishing House
260 _c2006
999 _c24440
_d24440